02353nam a2200409 i 4500001001000000003000900010005001700019007000300036008004100039040003000080041000800110082002300118100005100141245012700192264005800319300002800377336002700405337003300432338002800465490007100493490003300564504005700597505046600654590002601120650003701146650006701183650002901250650003901279830007801318830004001396910003801436942001401474952013501488952014001623952016301763999001701926000017011DO-SdBNP20260305073956.0ta100312s1979 dr r 000 0 spa d aDO-SdBNPbspacBNPHUerda aspa 4a323.445bF363d2221 aFernández, Leonel,d1953-eautor4aut.9729113aEl delito de opinión pública :bpapel de la ideología en el derecho de la información /cLeonel Fernández Reyna. aSanto Domingo, República Dominicana :bUASD,c1979. a276 páginas ;c20 cm. ardacontentbtexto2txt ardamediabsin mediación2n ardacarrierbvolumen2nc1 aPublicaciones de la Universidad Autónoma de Santo Domingo ;v2741 aEducación y sociedad ;v10 aIncluye bibliografía y notas pie de las páginas.0 gIntroducción --tI.- La Opinión Pública:tLa noción de opinión pública --tLos medios de comunicación de masas --tLa formación de la opinión pública --tII.- La Libertad de Opinión:tLa libertad de opinión: prolegómenos de un derecho --tLa libertad de opinión en Santo Domingo --tDe la muerte de una libertad al nacimiento de un nuevo derecho --tIII.- El Delito de Opinión Pública:tLos límites de la libertad de opinión. aInventariado, 2018/BT 4aLibertad de información937564 4aMedios de comunicación de masas y opinión pública937565 4aOpinión pública9423 4aDerecho a la comunicación937566 0aPublicaciones de la Universidad Autónoma de Santo Domingo ;n274937567 0aEducación y sociedad ;n10937568 aValidado. Control de calidad. EMS 2ddccLBS1 00102ddc51708PDaBNPHUbBNPHUcHDd2010-03-12l0oBNPHU PD 323.445 F363dp17011-10r2020-06-25w2020-06-25yLBS1ZNo se presta 00102ddc51708PDaBNPHUbBNPHUcHDd2012-09-14l0oBNPHU PD 323.445 F363dp17011-20r2020-06-25te.2w2020-06-25yLBS1ZNo se presta 00102ddc56708DSaBNPHUbBNPHUcHDd2017-12-07eDonado por Ilonka Nancidit Perdomol0oBNPHU DS 323.445 F363dp2025-2293r2025-04-01te.3w2025-04-01yLBS1 c16538d16538